| 000 | 00904cam a2200289 a 4500 | ||
|---|---|---|---|
| 999 |
_c3576 _d3576 |
||
| 001 | 558330 | ||
| 003 | GZU | ||
| 005 | 20201202115541.0 | ||
| 008 | 881214s1988 fr a b i000 0 eng d | ||
| 010 | _a 88211088 | ||
| 020 | _a9231025392 | ||
| 035 | _a(OCoLC)18238573 | ||
| 040 |
_aAzU _cDLC _dDLC |
||
| 042 | _alccopycat | ||
| 050 | 0 | 4 |
_aHD82 _b.INN 1988 |
| 245 | 0 | 0 | _aInnovative approaches to development planning. |
| 260 |
_aParis : _bUnesco, _c1988. |
||
| 300 |
_a266 p. : _bill. ; _c24 cm. |
||
| 490 | 1 |
_aSocio-economic studies ; _v14 |
|
| 504 | _aIncludes bibliographical references. | ||
| 650 | 0 | _aEconomic development. | |
| 710 | 2 | _aUnesco. | |
| 830 | 0 |
_aSocio-economic studies (Unesco) ; _v14. |
|
| 906 |
_a7 _bcbc _ccopycat _d3 _encip _f19 _gy-gencatlg |
||
| 942 |
_2lcc _cBK _h82 _iINN _kHD |
||